Statistics for Guess the logo

Click here to take the quiz!

General Stats

  • This quiz has been taken 262 times
  • The average score is 5 of 5

Answer Stats

Answer% Correct
pepsi
99%
red bull
98%
coca cola
97%
tesla
94%
mcdonalds
92%

Score Distribution

Percentile by Number Answered

Percent of People with Each Score

Your Score History

You have not taken this quiz